[Event "ch-MNE w"]
[Site "Podgorica MNE"]
[Date "2011.05.23"]
[Round "4.4"]
[White "Blagojevic,Tijana"]
[Black "Bacic,K"]
[Result "0-1"]
[WhiteElo "1802"]
[BlackElo "1826"]

1.e4 d5 2.exd5 Qxd5 3.Nc3 Qd8 4.Bc4 Nf6 5.Nf3 e6 6.O-O Be7 7.d3 c6 8.a4 b6
9.Bf4 Nbd7 10.Qe2 O-O 11.Rfe1 Nh5 12.Be5 Bf6 13.Bd6 Re8 14.Nd2 Bxc3 15.bxc3 Nhf6
16.Rab1 Nd5 17.Bxd5 cxd5 18.c4 Nf6 19.Be5 Bd7 20.a5 Bc6 21.axb6 axb6 22.Bxf6 gxf6
23.Qh5 Ra7 24.Qh6 Kh8 25.cxd5 Bxd5 26.Ne4 Bxe4 27.Rxe4 Rg8 28.Rh4 Rg7 29.g3 Ra2
30.Rhb4 Rxc2 31.Rxb6 Rc8 32.Rb7 f5 33.Qf4 f6 34.Rxg7 Kxg7 35.Rb7+ Kg6 36.h4 h5
37.g4 Qg8 38.gxf5+ exf5 39.Kh2 Rf8 40.Rb5 Qe6 41.d4 Rd8 42.Kh3 Qe4 43.Rxf5 Qxf5+  0-1

[Event "XXX Zalakaros Open"]
[Site "Zalakaros HUN"]
[Date "2011.05.23"]
[Round "4"]
[White "Horvath,Ad1"]
[Black "Kernazhitsky,L"]
[Result "1-0"]
[WhiteElo "2502"]
[BlackElo "2296"]

1.e4 d5 2.exd5 Qxd5 3.Nc3 Qd6 4.d4 Nf6 5.Nf3 g6 6.Nb5 Qb6 7.c4 c6 8.Nc3 Bg7
9.h3 O-O 10.Bd3 Nbd7 11.O-O Re8 12.Re1 Nf8 13.a3 Bf5 14.Bxf5 gxf5 15.Qc2 e6
16.Bf4 Ng6 17.Bd6 Qd8 18.Bh2 Rc8 19.Qb3 b6 20.Rad1 Nd7 21.Qa4 a5 22.Qb3 Nh4
23.Nxh4 Qxh4 24.Ne2 Ra8 25.Bg3 Qd8 26.Nf4 a4 27.Qf3 Nf6 28.Bh4 Qc8 29.Bxf6 Bxf6
30.Nh5 Qd8 31.Qxc6 Bh4 32.g3 Bg5 33.h4 Be7 34.d5 Qc8 35.Qxc8 Rexc8 36.dxe6 Rxc4
37.Rd7 Kf8 38.exf7 Re4 39.Rxe4 fxe4 40.Nf4 Kxf7 41.Nd5 Ke6 42.Rxe7+ Kxd5
43.Rxh7 Kc4 44.Re7 Kb3 45.Rxe4 Kxb2 46.Rb4+ Kxa3 47.Rxb6 Ka2 48.h5 a3 49.h6 Ra7
50.g4 Ka1 51.g5 a2 52.Re6 Rb7 53.Ra6 Rb6 54.Rxa2+  1-0

[Event "1st Alimini Village Open"]
[Site "Alimini ITA"]
[Date "2011.05.24"]
[Round "4"]
[White "Antkowiak,G"]
[Black "Pizzuto,S"]
[Result "1-0"]
[WhiteElo "2211"]
[BlackElo "2136"]

1.e4 d5 2.exd5 Qxd5 3.Nc3 Qd6 4.d4 Nf6 5.Nb5 Qb6 6.c4 c6 7.Nc3 Bg4 8.Be2 Bxe2
9.Ngxe2 e6 10.O-O Be7 11.d5 cxd5 12.Be3 Qa5 13.cxd5 exd5 14.Nf4 Nc6 15.Qb3 d4
16.Qxb7 O-O 17.Qxc6 dxe3 18.fxe3 Rab8 19.Rab1 Qe5 20.Qf3 Bc5 21.Rfe1 Rfe8
22.Kh1 Qg5 23.Re2 Ng4 24.Ne4 Qf5 25.Nc3 Rxe3 26.Rxe3 Bxe3 27.g3 g5 28.Qd5 Nf2+
29.Kg2 Qg4 30.h3 Qc8 31.Qxg5+ Kh8 32.Qe5+ Kg8 33.Qxe3  1-0

[Event "1st Alimini Village Open"]
[Site "Alimini ITA"]
[Date "2011.05.24"]
[Round "4"]
[White "Coimbra,M"]
[Black "Bonanno,A"]
[Result "1/2-1/2"]
[WhiteElo "2110"]
[BlackElo "2142"]

1.e4 d5 2.exd5 Qxd5 3.Nc3 Qd6 4.d4 Nf6 5.Nf3 c6 6.Ne5 Nbd7 7.Nc4 Qc7 8.Qf3 Nb6
9.Bf4 Qd8 10.Be5 Bg4 11.Qf4 Be6 12.Ne3 Nbd5  1/2-1/2

[Event "Zonal 3.3"]
[Site "Tagaytay City PHI"]
[Date "2011.05.24"]
[Round "1"]
[White "Segarra,R"]
[Black "Bitoon,R"]
[Result "1/2-1/2"]
[WhiteElo "2311"]
[BlackElo "2480"]

1.e4 d5 2.exd5 Qxd5 3.Nc3 Qd6 4.d4 Nf6 5.Nf3 a6 6.Bd3 Bg4 7.O-O Nc6 8.Ne4 Nxe4
9.Bxe4 O-O-O 10.Be3 e6 11.Re1 f5 12.Bxc6 Qxc6 13.Ne5 Bxd1 14.Nxc6 Bxc2 15.Nxd8 Kxd8
16.Bf4 Be4 17.Rac1 c6 18.Rxe4 fxe4 19.Re1 Be7 20.Be5 Bf6 21.Rxe4 Ke7 22.Bxf6+ Kxf6
23.Kf1 Rd8 24.Ke2 Rd5 25.Kd3 Rf5 26.f3 Rg5 27.Re2 Rh5 28.h3 Ra5 29.a3 g5
30.g3 Rd5 31.b4 h5 32.Kc3 a5 33.Re4 axb4+ 34.axb4 Rf5 35.Re3 Rd5 36.Re4 Rf5
37.Re3 Ke7 38.Kd2 Rd5 39.Kc3 Kd6 40.g4 hxg4 41.hxg4 e5 42.Re4 b6 43.dxe5+ Rxe5
44.Rd4+ Ke6 45.f4 Re3+ 46.Kd2  1/2-1/2

[Event "XXX Zalakaros Open"]
[Site "Zalakaros HUN"]
[Date "2011.05.24"]
[Round "5"]
[White "Juhasz,Ba"]
[Black "Gledura,B"]
[Result "0-1"]
[WhiteElo "2020"]
[BlackElo "2176"]

1.e4 d5 2.exd5 Qxd5 3.Nc3 Qd6 4.d4 Nf6 5.Nf3 c6 6.Ne5 Nbd7 7.Bf4 Nd5 8.Nxd7 Qxd7
9.Bd2 g6 10.Qf3 Nb4 11.O-O-O Qf5 12.Qe4 Nxa2+ 13.Nxa2 Qxe4 14.f3 Qd5 15.Nb4 Qd6
16.Nd3 Bg7 17.c3 Bf5 18.g4 Bxd3 19.Bxd3 O-O 20.h4 c5 21.d5 Qxd5 22.Be4 Qb3
23.h5 a5 24.Bc2 Qb5 25.f4 a4 26.hxg6 hxg6 27.f5 a3 28.b3 a2 29.Kb2 a1=Q+
30.Rxa1 Rxa1 31.Rxa1 Qe2  0-1

[Event "XXX Zalakaros Open"]
[Site "Zalakaros HUN"]
[Date "2011.05.24"]
[Round "5"]
[White "Porubszky Angyalosine,M"]
[Black "Stifter,Ewald"]
[Result "0-1"]
[WhiteElo "2045"]
[BlackElo "2075"]

1.e4 d5 2.exd5 Qxd5 3.Nc3 Qd6 4.d4 Nf6 5.Nf3 c6 6.Be2 Bg4 7.h3 Bh5 8.Be3 e6
9.Qd2 Qc7 10.a3 Bd6 11.O-O Nbd7 12.Rfe1 O-O 13.Rad1 Rad8 14.Qc1 Rfe8 15.Bg5 h6
16.Bxf6 Nxf6 17.Ne5 Bxe5 18.dxe5 Qxe5 19.Bxh5 Qxh5 20.Qe3 Qa5 21.Qf3 Rxd1
22.Rxd1 Rd8 23.Rd3 Rxd3 24.Qxd3 Qc7 25.Qd4 b6 26.b4 Nd5 27.Ne2 c5 28.Qe4 cxb4
29.axb4 Qe7 30.c3 Qc7 31.Qd4 Qc6 32.Qe5 Qa4 33.Kh2 Qa2 34.f4 g6 35.b5 Kh7
36.Nd4 Qf2 37.Ne2 Ne3  0-1

[Event "XXX Zalakaros Open"]
[Site "Zalakaros HUN"]
[Date "2011.05.24"]
[Round "5"]
[White "Vincze,Rob"]
[Black "Lacha,Ja"]
[Result "1-0"]
[WhiteElo "2121"]
[BlackElo "1953"]

1.e4 d5 2.exd5 Qxd5 3.Nc3 Qd6 4.Bc4 a6 5.h3 Nf6 6.Nf3 Bf5 7.d3 Nc6 8.a3 e6
9.Ne2 Qd7 10.Bg5 Be7 11.Qd2 h6 12.Bf4 Bd6 13.g4 Bh7 14.Ng3 Bxf4 15.Qxf4 Qd6
16.Qd2 Ne5 17.Nxe5 Qxe5+ 18.Qe2 Qxe2+ 19.Nxe2 b5 20.Bb3 c5 21.O-O-O O-O-O
22.Rde1 Nd5 23.Rhf1 Rhe8 24.f4 f6 25.Ng3 Bg8 26.Nh5 Re7 27.Rf2 Rde8 28.Nxg7 Rxg7
29.Bxd5 Kd7 30.Bb7 a5 31.Rd2 Rb8 32.Bf3 Re7 33.c4 b4 34.d4 cxd4 35.Rxd4+ Kc7
36.a4 e5 37.b3 Rbe8 38.Rde4 Bh7 39.R4e3 e4 40.f5 Kd6 41.Rxe4 Rxe4 42.Rxe4 Rxe4
43.Bxe4 Kc5 44.Bd5 h5 45.Kd2 hxg4 46.hxg4  1-0

[Event "1st Alimini Village Open"]
[Site "Alimini ITA"]
[Date "2011.05.25"]
[Round "6"]
[White "Navarro Lopez Menchero,D"]
[Black "Antkowiak,G"]
[Result "1-0"]
[WhiteElo "2131"]
[BlackElo "2211"]

1.e4 d5 2.exd5 Qxd5 3.Nc3 Qd8 4.d4 Nf6 5.Bc4 c6 6.Nf3 Bg4 7.Bxf7+ Kxf7 8.Ne5+ Kg8
9.Nxg4 Nxg4 10.Qxg4 Qd7 11.Qe4 Na6 12.Bf4 e6 13.O-O Re8 14.Rae1 Bb4 15.Re3 Nc7
16.Bxc7 Qxc7 17.Qg4 h5 18.Qg6 Qf7 19.Qxf7+ Kxf7 20.Ne4 e5 21.Rd1 Kg6 22.c3 Bf8
23.Nd2 Kf5 24.Rde1  1-0

[Event "3rd Kahraman Olgac Memorial"]
[Site "Izmir TUR"]
[Date "2011.05.25"]
[Round "5.1.5"]
[White "Yildiz,B"]
[Black "Mirzoev,A"]
[Result "0-1"]
[WhiteElo "2219"]
[BlackElo "2481"]

1.e4 d5 2.exd5 Qxd5 3.Nc3 Qd8 4.d4 Nf6 5.Nf3 Bg4 6.h3 Bh5 7.g4 Bg6 8.Ne5 e6
9.Bg2 c6 10.Nxg6 hxg6 11.Bf4 Bd6 12.Qd2 Nd5 13.Bxd6 Qxd6 14.Ne4 Qc7 15.Nc5 Nd7
16.Nd3 O-O-O 17.O-O-O Kb8 18.c3 N7b6 19.Bxd5 cxd5 20.Ne5 Nc8 21.Kb1 Nd6 22.Qe3 a5
23.Ka1 Rc8 24.Rc1 Ka7 25.Rc2 b5 26.b3 a4 27.bxa4 bxa4 28.Rb1 Rb8 29.c4 Rxb1+
30.Kxb1 Rb8+ 31.Kc1 dxc4 32.d5+ Ka6 33.Qa3 Rb5 34.Qxa4+ Ra5 35.Qb4 exd5 36.a4 Qb6
37.Qa3 Qc5 38.Qf3 Rxa4 39.Rb2 Ra1+ 40.Kc2 Nb5 41.Qxf7 Na3+  0-1

[Event "Zonal 3.3"]
[Site "Tagaytay City PHI"]
[Date "2011.05.25"]
[Round "3"]
[White "Legaspi,R"]
[Black "Ricana,L"]
[Result "1-0"]
[WhiteElo "2329"]
[BlackElo "2068"]

1.e4 d5 2.exd5 Qxd5 3.Nc3 Qd6 4.d4 Nf6 5.Nf3 a6 6.Bc4 Be6 7.d5 Bg4 8.h3 Bh5
9.Qe2 Nbd7 10.g4 Bg6 11.Be3 Ne4 12.Nxe4 Bxe4 13.O-O-O Qf6 14.Ng5 Bxh1 15.Rxh1 h6
16.Ne4 Qe5 17.Qd3 g5 18.f4 Qg7 19.Re1 b5 20.Bb3 gxf4 21.Bxf4 Ne5 22.Qg3 Ng6
23.Bxc7 Qd4 24.Qd6 f5 25.Qe6 f4 26.Qxg6+ Kd7  1-0

[Event "1st Alimini Village Open"]
[Site "Alimini ITA"]
[Date "2011.05.26"]
[Round "7"]
[White "Orsi,Mas"]
[Black "Pizzuto,S"]
[Result "0-1"]
[WhiteElo "2037"]
[BlackElo "2136"]

1.e4 d5 2.exd5 Qxd5 3.Nc3 Qd6 4.d4 Nf6 5.Bc4 a6 6.Bb3 e6 7.Nge2 b5 8.Bf4 Qd7
9.O-O Bb7 10.Ng3 c5 11.dxc5 Qc6 12.f3 Bxc5+ 13.Kh1 O-O 14.Nce4 Be7 15.c4 bxc4
16.Rc1 Nd5 17.Rxc4 Qb6 18.Qc1 Nc6 19.Re1 Na5 20.Rc7 Nxb3 21.axb3 Nxc7 22.Bxc7 Qxb3
23.Be5 f6 24.Nd2 Qd5 25.Bc3 Rac8 26.Re4 Rfd8 27.Ngf1 f5 28.Ra4 Bf6 29.Ra5 Qxa5  0-1

[Event "3rd Limpedea Cup"]
[Site "Baia Sprie ROU"]
[Date "2011.05.26"]
[Round "5"]
[White "Soltanici,R"]
[Black "Smith,Bry"]
[Result "1/2-1/2"]
[WhiteElo "2367"]
[BlackElo "2481"]

1.e4 d5 2.exd5 Qxd5 3.Nc3 Qd6 4.d4 Nf6 5.Nf3 g6 6.Nb5 Qb6 7.c4 c6 8.Nc3 Bg7
9.h3 Bf5 10.Qe2 O-O 11.g4 Be6 12.Be3 Qa5 13.Nd2 h5 14.Nb3 Qc7 15.g5 Ne8 16.Bg2 Nd6
17.d5 cxd5 18.cxd5 Bf5 19.Rc1 Qc4 20.Qxc4 Nxc4 21.Nb5 Nxe3 22.fxe3 Bxb2 23.Rc7 Na6
24.Rxe7 Bd3 25.N5d4 Nb4 26.Rxb7 Ba6 27.Rc7 Rfc8 28.Rxc8+ Rxc8 29.Nc6 Nxc6
30.dxc6 Bb5 31.Nd4 Bxd4 32.exd4 Bxc6 33.d5 Ba4 34.O-O Rc2 35.a3 Rd2 36.Rb1 a5
37.Rb8+ Kg7 38.Ra8 Bb3 39.Rxa5 Kf8 40.Rb5 Bc4 41.Rc5 Bb3 42.h4 Ke7 43.Rb5 Bc4
44.Rb4 Bxd5 45.Bxd5 Rxd5 46.Re4+ Kd6 47.Rf4 Rd3 48.a4 Ra3 49.Kf2 Ke5 50.Rb4 f5  1/2-1/2

[Event "30th NAO Open"]
[Site "Stillwater USA"]
[Date "2011.05.27"]
[Round "3.10"]
[White "Berry,Ja"]
[Black "Crumpler,Ken"]
[Result "1-0"]
[WhiteElo "2008"]
[BlackElo "1738"]

1.e4 d5 2.exd5 Qxd5 3.Nc3 Qd6 4.d4 Nf6 5.Nf3 a6 6.Be2 b5 7.O-O Bb7 8.Bg5 Nbd7
9.Re1 e6 10.Ne5 Be7 11.Nxd7 Qxd7 12.Bf3 Bxf3 13.Qxf3 O-O 14.Rad1 Nd5 15.Bxe7 Nxe7
16.d5 Nxd5 17.Nxd5 exd5 18.Rxd5 Qc6 19.Qd3 Rae8 20.Rd1 Qf6 21.c3 c6 22.Rd6 Re6
23.Rd8 Qe7 24.Kf1 g6 25.Rd7 Qh4 26.h3 Rf6 27.Rd2 Re6 28.Re2 Rfe8 29.Qf3 Rf8
30.Rxe6 fxe6 31.Qe2 Qf4 32.Qxe6+ Kh8 33.Qe1 Qh2 34.Qe3 Qf4 35.Qxf4 Rxf4 36.Ra7 Ra4
37.a3 c5 38.Rc7 Rc4 39.Ke2 b4 40.axb4  1-0

[Event "XXX Zalakaros Open"]
[Site "Zalakaros HUN"]
[Date "2011.05.27"]
[Round "8"]
[White "Bea,B"]
[Black "Lacha,Ja"]
[Result "1-0"]
[WhiteElo "2124"]
[BlackElo "1953"]

1.e4 d5 2.exd5 Qxd5 3.Nc3 Qd6 4.g3 c6 5.Bg2 Nf6 6.Nf3 Bg4 7.O-O e6 8.h3 Bh5
9.d4 Qc7 10.Re1 Bd6 11.Ne2 Bxf3 12.Bxf3 Nbd7 13.Bg2 O-O 14.c3 e5 15.Qc2 Rae8
16.dxe5 Nxe5 17.Bg5 Ned7 18.Rad1 Bc5 19.b4 Bd6 20.Qd3 Be7 21.Bf4 Qb6 22.Nd4 Bd8
23.Be3 Ne5 24.Qc2 Nc4 25.Bf4 Bc7 26.Bg5 Rxe1+ 27.Rxe1 Re8 28.Rxe8+ Nxe8 29.Qe2 Ncd6
30.a4 a5 31.b5 c5 32.Nf5 Bd8 33.Bf4 Bf6 34.Ne7+ Kf8 35.Nd5 Qd8 36.Qh5 Kg8
37.Nxf6+ Nxf6 38.Qxc5 Nde4 39.Qe5  1-0

[Event "e2e4 Sunningdale Open"]
[Site "Ascot ENG"]
[Date "2011.05.28"]
[Round "2"]
[White "Holland,J"]
[Black "Crouch,C"]
[Result "1/2-1/2"]
[WhiteElo "2133"]
[BlackElo "2343"]

1.e4 d5 2.exd5 Qxd5 3.Nc3 Qd8 4.d4 Nf6 5.Nf3 c6 6.Bc4 Bf5 7.Ne5 e6 8.g4 Bg6
9.h4 Nbd7 10.Nxd7 Qxd7 11.h5 Be4 12.Nxe4 Nxe4 13.Be3 Be7 14.Qf3 f5 15.gxf5 exf5
16.O-O-O O-O-O 17.Rhe1 Bb4 18.c3 Bd6 19.Qg2 Rde8 20.Kb1 Nf6 21.h6 g6 22.Bg5 Ne4
23.Bd3 Nxg5 24.Qxg5 Qd8 25.Qd2 Qh4 26.Rxe8+ Rxe8 27.Re1 Rxe1+ 28.Qxe1 Kd7
29.Bc4 Qxh6 30.Be6+ Kd8 31.Bg8 Qg7 32.Qe6 Kc7 33.Kc2 f4 34.Kd3 g5 35.f3 h5
36.Qf7+ Qxf7 37.Bxf7 g4 38.Bxh5 g3 39.Ke2 c5 40.Bg4 Kc6 41.dxc5 Kxc5 42.Bh3 b5
43.Kd3 Kd5 44.Ke2 b4 45.cxb4 Kc4 46.Be6+ Kxb4 47.Kf1 Be5 48.Kg2 Bxb2 49.Bg8 Kc3  1/2-1/2

[Event "82nd ch-GER"]
[Site "Bonn GER"]
[Date "2011.05.28"]
[Round "3.9"]
[White "Rietze,C"]
[Black "Dranov,A"]
[Result "1/2-1/2"]
[WhiteElo "2283"]
[BlackElo "2465"]

1.e4 d5 2.exd5 Qxd5 3.Nc3 Qd6 4.d4 Nf6 5.Nf3 c6 6.Ne5 Nbd7 7.Bf4 Nd5 8.Nxd5 Qxd5
9.Nf3 Nf6 10.Be2 Bg4 11.O-O e6 12.h3 Bxf3 13.Bxf3 Qd7 14.Be5 Bd6 15.Qe2 Qe7
16.g3 O-O 17.Rfd1 Rad8 18.Rd3 Rd7 19.Rad1 Rfd8 20.Bxf6 Qxf6 21.Bg2 Bc7 22.c3 Bb6
23.f4 Bc7 24.Be4 g6 25.Kg2 Bd6 26.h4 h6 27.Qf3 Re8 28.Re3 h5 29.Bc2 Rde7
30.Qe4 Kg7 31.Ba4 Rc8 32.Bc2 Ree8 33.Ba4 Qd8 34.Rd2 Be7 35.Bd1 Bf6 36.Bf3 Qb6
37.Qc2 Red8 38.Red3 Rd6 39.Qb3 Qc7 40.Be4 Rcd8 41.a3 R8d7 42.Qd1 b6 43.Kh3 a5
44.a4 Rd8 45.Kg2 c5 46.dxc5 Rxd3 47.Rxd3 Rxd3 48.Qxd3 Qxc5 49.Bf3 Qc7 50.Kh3 Qc8
51.Kg2 e5 52.fxe5 Bxe5 53.Bd5 Qc7 54.Qf3 f5 55.Bb3 Qd6 56.Qd5 Qc7 57.Qe6 Bf6
58.Bd5 Qd8 59.Qf7+ Kh6 60.Kh3 Bg7 61.Qe6 Qc7 62.Qe3+ Kh7 63.Qe8 Qe5 64.Qxe5  1/2-1/2

[Event "Orlova Open"]
[Site "Orlova CZE"]
[Date "2011.05.28"]
[Round "8.14"]
[White "Vahala,T"]
[Black "Pacl,V"]
[Result "0-1"]
[WhiteElo "1907"]
[BlackElo "2275"]

1.e4 d5 2.exd5 Qxd5 3.Nc3 Qd6 4.d4 Nf6 5.Nf3 c6 6.Be2 Bf5 7.O-O Nbd7 8.Nh4 Be4
9.Nxe4 Nxe4 10.Bf3 Nef6 11.Nf5 Qc7 12.c4 e6 13.Re1 O-O-O 14.Ne3 Ne5 15.d5 h5
16.g3 h4 17.Bh1 hxg3 18.hxg3 Bc5 19.Qa4 Nfg4 20.b4 Bd4 21.Rb1 Nxf2 22.Kxf2 Nd3+
23.Ke2 Nxe1 24.dxc6 Rxh1 25.cxb7+ Qxb7 26.Nd5 exd5 27.cxd5 Qxd5 28.Qa6+ Kb8  0-1

[Event "XXX Zalakaros Open"]
[Site "Zalakaros HUN"]
[Date "2011.05.28"]
[Round "9"]
[White "Bea,B"]
[Black "Medvegyne Balogh,E"]
[Result "1/2-1/2"]
[WhiteElo "2124"]
[BlackElo "2118"]

1.e4 d5 2.exd5 Qxd5 3.Nc3 Qd6 4.g3 Nf6 5.Bg2 c6 6.Nf3 Bg4 7.O-O e6 8.h3 Bh5
9.d4 Qc7 10.Re1 Be7 11.Ne2 O-O 12.Nf4 Bxf3 13.Qxf3 Rd8 14.c3 Nbd7 15.Nd3 Rac8
16.Bf4 Bd6 17.Rad1 Bxf4 18.Qxf4 Qxf4 19.Nxf4  1/2-1/2

[Event "e2e4 Sunningdale Open"]
[Site "Ascot ENG"]
[Date "2011.05.29"]
[Round "5"]
[White "Hagesaether,A"]
[Black "Crouch,C"]
[Result "0-1"]
[WhiteElo "2143"]
[BlackElo "2343"]

1.e4 d5 2.exd5 Qxd5 3.Nc3 Qd8 4.Bc4 Nd7 5.Nf3 Nb6 6.Bb3 Nf6 7.Ne5 e6 8.d3 Be7
9.Qe2 O-O 10.Bd2 Nbd5 11.Ne4 c5 12.g4 Qc7 13.Ng3 Bd6 14.Nc4 Bf4 15.g5 Nd7
16.Ne4 b5 17.Ne3 Bb7 18.Qh5 Bxe3 19.fxe3 c4 20.dxc4 bxc4 21.Ba4 N5b6 22.Nf6+ gxf6
23.gxf6 Kh8 24.Rg1 Nxa4 25.Ke2 Qe5 26.Rg5 Qe4 27.Rag1 c3  0-1

[Event "84th ch-St Petersburg"]
[Site "St Petersburg RUS"]
[Date "2011.05.29"]
[Round "9"]
[White "Shimanov,A"]
[Black "Rozum,I"]
[Result "1-0"]
[WhiteElo "2583"]
[BlackElo "2468"]

1.e4 d5 2.exd5 Qxd5 3.Nc3 Qd6 4.d4 Nf6 5.Nb5 Qb6 6.c4 c6 7.Nc3 Bg4 8.Nge2 e6
9.h3 Bxe2 10.Bxe2 Qc7 11.O-O Bd6 12.Be3 Bf4 13.Bxf4 Qxf4 14.d5 exd5 15.cxd5 Qb4
16.Bf3 O-O 17.dxc6 Nxc6 18.Bxc6 bxc6 19.Qc2 Rfd8 20.Rac1 Rd6 21.Rfe1 Rad8
22.Re2 g6 23.Rce1 Qf4 24.Qb3 Rd2 25.Qb7 Rxe2 26.Rxe2 Nd5 27.Qxc6 Nxc3 28.Qxc3 h5
29.g3 Qf5 30.Kh2 Kh7 31.Qc2 Qf6 32.h4 a5 33.b3 Rd5 34.Kg2 Rf5 35.Re4 Qb6
36.Re3 Qd4 37.Qe4 Qb2 38.Re2 Qf6 39.Rc2 Qb6 40.Kg1 Qd6 41.Kg2 Qb6 42.Qe3 Qb5
43.Rc4 Qd5+ 44.Qe4 Qd2 45.Qd4 Qe2 46.Rc8 Qf3+ 47.Kg1 Rf6 48.Rc3 Qf5 49.Rc5 Qf3
50.Rxa5 Rc6 51.Qf4 Qd1+ 52.Kg2 Qd7 53.Qe3 Rf6 54.Ra4 Qd5+ 55.Qe4 Qc5 56.Rd4 Qa5
57.a4 Qc3 58.b4 Qb2 59.Qe3 Qa2 60.b5 Re6 61.Qf3 Re5 62.b6 Kg7 63.b7 Qb2 64.Rd8  1-0

[Event "3rd Limpedea Cup"]
[Site "Baia Sprie ROU"]
[Date "2011.05.30"]
[Round "9"]
[White "Soltanici,R"]
[Black "Grigore,Ge"]
[Result "1/2-1/2"]
[WhiteElo "2367"]
[BlackElo "2505"]

1.e4 d5 2.exd5 Qxd5 3.Nc3 Qd6 4.d4 Nf6 5.Nf3 g6 6.Nb5 Qb6 7.Na3 c6 8.Nc4 Qd8
9.Nce5 Bg7 10.Bc4 O-O 11.O-O Nbd7 12.c3 Nxe5 13.Nxe5 Nd5 14.Re1 Be6 15.Qe2 Qc7
16.a4 Rad8 17.Nf3 c5 18.Ng5 Bc8 19.Qf3 e6 20.dxc5 Qxc5 21.Bb3 Qb6 22.Bc4 h6
23.Ne4 f5 24.Nd2 Kh7 25.Nb3 Qc6 26.Bxd5 Qxd5 27.Qxd5 Rxd5 28.Be3 b6 29.f4 Rfd8
30.Bd4 g5 31.Bxg7 Kxg7 32.Nd4 Kf6 33.g3 Bd7 34.Re3 Rg8 35.Kf2 gxf4 36.gxf4 Rg4
37.Rf3 Ra5 38.h3 Rg7 39.Re3 Re7 40.b3 b5 41.Re5 Ra6 42.Nxb5 Bxb5 43.Rxb5 Rd6
44.Re1 h5 45.Rbe5 h4 46.R5e3 Re8 47.R1e2 Kf7 48.c4 Rd4 49.Rf3 Rg8 50.c5 Ke7
51.Ke3 Rd5 52.Rc2  1/2-1/2

[Event "82nd ch-GER"]
[Site "Bonn GER"]
[Date "2011.05.30"]
[Round "5"]
[White "Huschenbeth,N"]
[Black "Dranov,A"]
[Result "1-0"]
[WhiteElo "2502"]
[BlackElo "2465"]

1.e4 d5 2.exd5 Qxd5 3.Nc3 Qd6 4.d4 Nf6 5.Nf3 c6 6.Ne5 Nbd7 7.Nc4 Qc7 8.Qf3 Nb6
9.Bf4 Qd8 10.Be5 Bg4 11.Qg3 h5 12.h3 h4 13.Qe3 Be6 14.Nxb6 Qxb6 15.O-O-O g6
16.Bxf6 exf6 17.Bc4 Bh6 18.f4 Kf8 19.Bxe6 Re8 20.Na4 Qb4 21.Qb3 Bxf4+ 22.Kb1 Qxb3
23.Bxb3 Re2 24.Rhf1 g5 25.d5 Rxg2 26.d6 b6 27.d7 Ke7 28.Bxf7 Rg3 29.Rh1 Bc7
30.Bg6 g4 31.Bf5 gxh3 32.Bxh3 Rf8 33.Nc3 f5 34.Rhe1+ Kd8 35.Bxf5 h3 36.Ne4  1-0

[Event "ch-UZB Major w"]
[Site "Tashkent UZB"]
[Date "2011.05.31"]
[Round "11"]
[White "Sabirova,O"]
[Black "Tokhirjanova,H"]
[Result "0-1"]
[WhiteElo "2225"]
[BlackElo "2106"]

1.e4 d5 2.exd5 Qxd5 3.Nc3 Qd6 4.g3 Nf6 5.Bg2 Bg4 6.Nge2 Nc6 7.O-O O-O-O 8.d3 a6
9.Rb1 h5 10.h3 Bf5 11.h4 e5 12.Bg5 Be7 13.Bxf6 gxf6 14.Nd5 Be6 15.Nxe7+ Nxe7
16.Nc3 f5 17.b4 Nd5 18.Nxd5 Bxd5 19.Bh3 Qf6 20.b5 axb5 21.Rxb5 Kb8 22.Qe2 Rhg8
23.Kh2 f4 24.Qxh5 Qc6 25.c4 fxg3+ 26.fxg3 Bxc4 27.Rb2 Bxd3 28.Bg2 e4 29.Rxf7 Qd6
30.Rf3 exf3 31.Qxf3 Be4 32.Qxe4 Qxg3+ 33.Kg1 Rd1+  0-1

[Event "3rd Orissa Open"]
[Site "Bhubaneswar IND"]
[Date "2011.06.01"]
[Round "6"]
[White "Kiran,M"]
[Black "Suvrajit,S"]
[Result "1-0"]
[WhiteElo "2214"]
[BlackElo "2370"]

1.e4 d5 2.exd5 Qxd5 3.Nc3 Qd6 4.d4 c6 5.Be3 Nf6 6.Qd2 Bf5 7.O-O-O e6 8.Nf3 Nbd7
9.Nh4 Bg6 10.f4 Ne4 11.Nxe4 Bxe4 12.Bd3 Bxd3 13.Qxd3 Be7 14.Nf3 O-O 15.f5 Bf6
16.Kb1 Rfe8 17.Rhe1 h6 18.g4 Qd5 19.Bc1 exf5 20.c4 Qd6 21.Rxe8+ Rxe8 22.Qxf5 Re2
23.h4 Qe6 24.Qxe6 fxe6 25.g5 hxg5 26.hxg5 Be7 27.Rd3 Kf7 28.Bd2 b6 29.Kc1 Re4
30.b4 Ke8 31.c5 e5 32.d5 Rc4+ 33.Rc3 Rxc3+ 34.Bxc3 cxd5 35.c6 Nf8 36.Bxe5 Ne6
37.Kc2 Bxb4 38.Kd1 Be7 39.Bb8 Bd8 40.g6 a6 41.Be5 Bc7 42.Bb2 b5 43.Nh4 d4
44.Nf5 Be5 45.Ne3 Ke7 46.Ba3+ Kd8 47.Nd5 Nf4 48.Nxf4 Bxf4 49.Bc5 d3 50.Bd4 Bh6
51.Bb6+ Ke7 52.Bc5+ Ke6 53.Bf8 a5 54.Ke1 b4 55.Kd1 d2 56.Kc2 Bf4 57.Bxg7 Bc7
58.Bd4 a4 59.Kxd2 Ke7 60.Kd3 Ke6 61.Kc4 b3 62.axb3 axb3 63.Kxb3 Ke7 64.Kc4 Ke6
65.Kb5 Ke7 66.Ka6 Ke6 67.Kb7 Bf4 68.c7 Bxc7 69.Kxc7 Ke7 70.g7 Kf7 71.Kd7 Kg8
72.Ke7 Kh7  1-0

[Event "Fynsmesterskabet 2011"]
[Site "Odense DEN"]
[Date "2011.06.02"]
[Round "3.1"]
[White "Macak,S"]
[Black "Epishin,V"]
[Result "1/2-1/2"]
[WhiteElo "2400"]
[BlackElo "2562"]

1.e4 d5 2.exd5 Qxd5 3.Nc3 Qd6 4.d4 Nf6 5.Nf3 c6 6.Ne5 Be6 7.Bf4 Nd5 8.Nxd5 Qxd5
9.Qd3 Nd7 10.Nxd7 Bxd7 11.c4 Qf5 12.Qxf5 Bxf5 13.Be2 O-O-O 14.O-O-O  1/2-1/2

[Event "3rd Orissa Open"]
[Site "Bhubaneswar IND"]
[Date "2011.06.05"]
[Round "10"]
[White "Petrosian,TL"]
[Black "Kasparov,S"]
[Result "1-0"]
[WhiteElo "2634"]
[BlackElo "2493"]

1.e4 d5 2.exd5 Qxd5 3.Nc3 Qd6 4.d4 Nf6 5.Nf3 c6 6.Ne5 Nbd7 7.Nc4 Qc7 8.Qf3 Nb6
9.Bf4 Qd8 10.Ne5 Be6 11.O-O-O g6 12.h4 Bg7 13.Be2 Nfd5 14.Bd2 Nxc3 15.Qxc3 Qd5
16.Qa3 O-O 17.Bf4 f6 18.Nf3 Nc4 19.Qc3 b5 20.b3 Nb6 21.h5 g5 22.h6 Bh8 23.Bg3 Rac8
24.Rhe1 g4 25.Qe3 Qd7 26.Bd3 Bf5 27.Ne5 Qe6 28.Nxg4 Qxe3+ 29.Nxe3 Bxd3 30.Rxd3 e6
31.Ng4 Rfe8 32.Rf3 Nd7 33.Bd6 Kf7 34.Rfe3 f5 35.Ne5+ Bxe5 36.Bxe5 Nxe5 37.Rxe5 Re7
38.Rc5 Rd7 39.Rce5 Re7 40.g3 Rd8 41.c3 Rd5 42.Kc2 Rxe5 43.Rxe5 Rd7 44.Rc5 Rd6
45.a4 a6 46.Kd3 Kg6 47.c4 Kxh6 48.cxb5 cxb5 49.axb5 axb5 50.Rxb5 Kg5 51.f3 h5
52.b4 Kf6 53.Ra5 Rd8 54.Ke3 Rg8 55.Kf4 Rd8 56.Ke3 Rg8 57.b5 Rxg3 58.b6 Rg7
59.Rb5 Rb7 60.Kf4 h4 61.Rb1 Ke7 62.Ke5 h3 63.Rb2 Kd7 64.Ra2 Kc6 65.Kxe6 Rh7
66.Rh2 Rh5 67.Kf6 Kxb6 68.Kg6 Rh8 69.Kxf5 Kc6 70.Kg4 Kd5 71.Rxh3 Rg8+ 72.Kf4 Kxd4
73.Rh5 Rf8+ 74.Rf5 Rg8 75.Rf7 Kd5 76.Kf5 Kd6 77.f4 Rg1 78.Kf6 Rf1 79.f5 Rf2
80.Ra7 Rf1 81.Ra2 Kd7 82.Re2 Rf3 83.Kg6 Rg3+ 84.Kf7 Rg1 85.f6 Rg3 86.Kf8 Rg1  1-0

[Event "FSFMA June"]
[Site "Budapest HUN"]
[Date "2011.06.07"]
[Round "4"]
[White "Sverrisson,N"]
[Black "Bianchetti,Raoul"]
[Result "1-0"]
[WhiteElo "1881"]
[BlackElo "1986"]

1.e4 d5 2.exd5 Qxd5 3.Nc3 Qd6 4.Nf3 Nf6 5.d4 Bg4 6.Be2 c6 7.Be3 e6 8.Qd2 Qc7
9.a3 Nbd7 10.h3 Bxf3 11.Bxf3 Bd6 12.O-O h6 13.b4 a6 14.Na4 O-O 15.c4 Rad8
16.Rac1 Qb8 17.Kh1 Bc7 18.Rfd1 Nb6 19.Nxb6 Bxb6 20.Qc3 Rd7 21.Rb1 Rfd8 22.b5 axb5
23.cxb5 cxb5 24.Rxb5 Qa7 25.Qb4 Bxd4 26.Ra5 Bc3 27.Rxd7 Qxa5 28.Rxd8+ Qxd8
29.Qxc3 Nd5 30.Qd4 Qa5 31.Bxd5 exd5 32.Qc5 Qxc5 33.Bxc5 f5 34.f4 g5 35.g3 Kf7
36.Kg2 gxf4 37.gxf4  1-0

[Event "Zonal 3.4 Women"]
[Site "Tashkent UZB"]
[Date "2011.06.08"]
[Round "1.6"]
[White "Nasriddinzoda,M"]
[Black "Hamrakulova,Y"]
[Result "0-1"]
[WhiteElo "2011"]
[BlackElo "2201"]

1.e4 d5 2.exd5 Qxd5 3.Nc3 Qd6 4.d4 Nf6 5.Nf3 a6 6.Be2 Nbd7 7.O-O e6 8.Re1 Be7
9.Ne5 c5 10.Nxd7 Bxd7 11.dxc5 Qxc5 12.Be3 Qc7 13.Qd4 O-O 14.Red1 Rac8 15.Rd2 Bc6
16.Rad1 e5 17.Qb6 Qxb6 18.Bxb6 Bb4 19.Rd3 Bxc3 20.Rxc3 Nd5 21.Rb3 Nf4 22.Bf1 Ba4
23.Rc3 Rxc3 24.bxc3 Bxc2 25.Rd7 Be4 26.g3 Bc6 27.Rd8 Nd5 28.Rxf8+ Kxf8 29.Bc5+ Ke8
30.c4 Nc3 31.a3 Ne4 32.Bb4 Ng5 33.Bg2 Bxg2 34.Kxg2 Kd7 35.h4 Ne4 36.Kf3 Nd6
37.c5 Nb5 38.Ke4 Ke6 39.g4 f6 40.a4 Nc7 41.Ba3 g6 42.f3 f5+ 43.Kd3 Kd5  0-1

[Event "20th ICSC TCh-EUR Club"]
[Site "Liverpool ENG"]
[Date "2011.06.09"]
[Round "1"]
[White "Hasanov,Mirmusa"]
[Black "Hoyer,Olaf"]
[Result "1-0"]
[WhiteElo "1767"]
[BlackElo "1908"]

1.e4 d5 2.exd5 Qxd5 3.Nc3 Qd6 4.d4 Nf6 5.h3 c6 6.Nf3 Bf5 7.Bd3 Bxd3 8.Qxd3 Nbd7
9.O-O e6 10.Re1 Be7 11.Ne5 O-O 12.a3 Rad8 13.Bf4 Nxe5 14.Bxe5 Qd7 15.Rad1 a6
16.Qg3 Ne8 17.Na4 b5 18.Nc3 Bd6 19.Rd3 f6 20.Bxd6 Nxd6 21.Qe3 Rfe8 22.g4 e5
23.dxe5 Rxe5 24.Qd2 Rxe1+ 25.Qxe1 Qc8 26.Qe7 Nf7 27.Re3 Nd6 28.b3 h6 29.Ne4 Nxe4
30.Qxe4 Rd2 31.Qg6  1-0

[Event "20th ICSC TCh-EUR Club"]
[Site "Liverpool ENG"]
[Date "2011.06.11"]
[Round "5"]
[White "MacLeod,A"]
[Black "Klaric,Zl"]
[Result "0-1"]
[WhiteElo "2010"]
[BlackElo "2426"]

1.e4 d5 2.exd5 Qxd5 3.Nc3 Qd6 4.d4 Nf6 5.Nf3 g6 6.h3 Bg7 7.Bc4 O-O 8.Bb3 Nc6
9.Be3 Na5 10.O-O Nxb3 11.axb3 Bf5 12.Qe2 Nd5 13.Nxd5 Qxd5 14.c4 Qd6 15.Ra4 a6
16.Rd1 Rad8 17.Rd2 Rfe8 18.d5 e5 19.c5 Qf8 20.Qc4 Bh6 21.Bxh6 Qxh6 22.Re2 Bd7
23.c6 b5 24.cxd7 bxc4 25.dxe8=Q+ Rxe8 26.Rxc4 Qf8 27.Rxc7 Qd6 28.Rec2 Qxd5
29.Ng5 Rf8 30.R2c6 h6 31.Nf3 e4 32.Nh4 Qg5 33.g3 e3 34.Nf3 Qd5 35.Kg2 e2
36.Rc1 Re8 37.Re1 Qxb3 38.Ra7 Re6 39.Nd4 Qd5+ 40.Nf3 Rf6  0-1